00882 2200217 4500245005400000020002200054250001100076100001900087700001600106650001400122650001300136650001800149650001600167005001900183260003300202041001400235084001000249300002300259500037300282336000900655 aFree Properti dalam 17 HaricSupriyadi AmirhText a978-602-7732-56-8 aCet. 1 aSupriyadi Amir aAbdul Latif aInvestasi aProperti aPinjaman Bank aTips & Trik a20240506104646 aJakartabLaskar Aksarac2013 aIndonesia a332.6 a184 hlm. :c23 cm. aBuku ini akan memberikan penjelasan yang mudah anda pahami tentang bagaimana mendapatkan properti hanya dalam 17 hari dan itupun GRATIS. Buku ini juga akan memberitahu anda seperti apa properti yang menguntungkan tersebut, bagaimana menemukan properti secara free dalam waktu singkat sampai dengan serba-serbi transaksi dan permasalahan atau kasus yang sering terjadi. atext